Every Single Attraction at Walt Disney World - Statistics

General Stats
  • This quiz has been taken 123 times
  • The average score is 33 of 77
Answer Stats
Hint Answer % Correct
Magic Kingdom Space Mountain
84%
Magic Kingdom Pirates of the Caribbean
78%
Hollywood Studios The Twilight Zone Tower of Terror
73%
Magic Kingdom it's a small world
72%
Magic Kingdom Haunted Mansion
70%
Magic Kingdom Big Thunder Mountain
67%
Magic Kingdom Peter Pan's Flight
66%
Magic Kingdom Dumbo the Flying Elephant
65%
Animal Kingdom Expedition Everest
64%
Magic Kingdom Jungle Cruise
64%
Magic Kingdom TRON Lightcycle / Run
62%
Magic Kingdom Prince Charming Regal Carrousel
61%
Magic Kingdom Tiana's Bayou Adventure
61%
Magic Kingdom Tomorrowland Transit Authority PeopleMover
61%
EPCOT Spaceship Earth
59%
EPCOT Soarin'
58%
Magic Kingdom The Hall of Presidents
58%
Magic Kingdom Buzz Lightyear's Space Ranger Spin
57%
Magic Kingdom Seven Dwarfs Mine Train
57%
EPCOT Test Track
57%
Magic Kingdom The Many Adventures of Winnie the Pooh
56%
EPCOT Guardians of the Galaxy: Cosmic Rewind
55%
Hollywood Studios Slinky Dog Dash
54%
EPCOT The Seas with Nemo & Friends
54%
Hollywood Studios Millennium Falcon: Smuggler's Run
53%
Hollywood Studios Star Wars: Rise of the Resistance
53%
Magic Kingdom Walt Disney's Carousel of Progress
53%
Animal Kingdom Avatar Flight of Passage
52%
Hollywood Studios Indiana Jones Epic Stunt Spectacular!
52%
Hollywood Studios Star Tours — The Adventures Continue
52%
Hollywood Studios Toy Story Mania!
51%
EPCOT Mission: SPACE
50%
Hollywood Studios Rock 'n Roller Coaster
50%
EPCOT Living with the Land
49%
EPCOT Journey into Imagination with Figment
48%
Magic Kingdom The Barnstormer
47%
Magic Kingdom Astro Orbiter
46%
EPCOT Remy's Ratatouille Adventure
46%
Magic Kingdom Monsters Inc. Laugh Floor
45%
Animal Kingdom Na'vi River Journey
45%
EPCOT Frozen Ever After
44%
Magic Kingdom Tomorrowland Speedway
43%
Magic Kingdom Country Bear Jamboree
42%
Animal Kingdom Kali River Rapids
42%
Magic Kingdom Walt Disney World Railroad
41%
Magic Kingdom Enchanted Tiki Room
40%
Hollywood Studios Mickey and Minnie's Runaway Railway
40%
Magic Kingdom Under the Sea ~ Voyage of the Little Mermaid
39%
Magic Kingdom Mad Tea Party
36%
Magic Kingdom Mickey's PhilharMagic
36%
Hollywood Studios Fantasmic!
35%
Animal Kingdom Kilimanjaro Safaris
33%
Hollywood Studios Alien Swirling Saucers
29%
Animal Kingdom Zootopia: Better Zoogether!
29%
Animal Kingdom Festival of the Lion King
28%
Magic Kingdom The Magic Carpets of Aladdin
28%
Magic Kingdom Enchanted Tales with Belle
27%
Magic Kingdom Swiss Family Treehouse
27%
EPCOT Turtle Talk with Crush
26%
EPCOT Gran Fiesta Tour
24%
Hollywood Studios Beauty and the Beast—Live on Stage
21%
EPCOT Journey of Water, Inspired by Moana
20%
EPCOT The American Adventure
18%
Animal Kingdom Gorilla Falls Exploration Trail
17%
EPCOT Reflections of China
17%
EPCOT Canada Far and Wide
16%
Hollywood Studios The Little Mermaid — A Musical Adventure
15%
EPCOT Beauty and the Beast Sing-Along
14%
Animal Kingdom Feathered Friends in Flight!
14%
EPCOT Impressions de France
14%
Animal Kingdom Wildlife Express Train
14%
Hollywood Studios Disney Villains: Unfairly Ever After
13%
Animal Kingdom Finding Nemo: The Big Blue... and Beyond!
13%
Animal Kingdom Maharajah Jungle Trek
13%
EPCOT Awesome Planet
12%
Hollywood Studios For the First Time in Forever: A "Frozen" Sing-Along Celebration
12%
Hollywood Studios Walt Disney Presents
12%
No matching quizzes found
Score Distribution
Percent of People with Each Score
Percentile by Number Answered
Your Score History
You have not taken this quiz